Ovinos : tecnologías /
Guardado en:
| Autor Principal: | |
|---|---|
| Formato: | Libro |
| Publicado: |
Buenos Aires :
Efauba,
1983
|
| Edición: | 2a. ed. |
| Materias: | |
| Etiquetas: |
Agregar Etiqueta
Sin Etiquetas, Sea el primero en etiquetar este registro!
|
| LEADER | 01038nam a22002655a 4500 | ||
|---|---|---|---|
| 001 | CEM.cems017167 | ||
| 005 | 20110824170330.0 | ||
| 008 | 130507s1983##################000#0#####d | ||
| 003 | CEMS | ||
| 020 | |a 987926035X | ||
| 082 | 0 | 4 | |a 636.3 |
| 100 | 1 | |a Calvo, César A. | |
| 245 | 1 | 0 | |a Ovinos : |b tecnologías / |c César A. Calvo |
| 250 | |a 2a. ed. | ||
| 260 | |a Buenos Aires : |b Efauba, |c 1983 | ||
| 300 | |a 301 p. | ||
| 505 | 0 | |a Prácticas de alimentación -- Selección y mejoramiento -- Reproducción -- Instalaciones | |
| 653 | |a Ovinos-tecnologías | ||
| 653 | |a Producción agropecuaria-ovinos | ||
| 859 | |a CEMS |b BIB. CEMS - Agricultura |h 636.3 |i C139-1 |p A0893.09 |t Ej.1 | ||
| 859 | |a CEMS |b BIB. CEMS - Agricultura |h 636.3 |i C139-1 |p A1607.12 |t Ej.2 | ||
| 859 | |a CEMS |b BIB. CEMS - Agricultura |h 636.3 |i C139-1 |p A1608.12 |t Ej.3 | ||
| 859 | |a CEMS |b BIB. CEMS - Agricultura |h 636.3 |i C139-1 |p A1609.12 |t Ej.4 | ||
| 859 | |a CEMS |b BIB. CEMS - Agricultura |h 636.3 |i C139-1 |p A1610.12 |t Ej.5 | ||
| 859 | |a CEMS |b BIB. CEMS - Agricultura |h 636.3 |i C139-1 |p A1611.12 |t Ej.6 | ||
